Social choice and individual values / (Record no. 124402)

MARC details
000 -LEADER
fixed length control field 00667nam a22002417a 4500
005 - DATE AND TIME OF LATEST TRANSACTION
control field 20170124105939.0
010 ## - LIBRARY OF CONGRESS CONTROL NUMBER
LC control number 811982
020 ## - INTERNATIONAL STANDARD BOOK NUMBER
Terms of availability 12.00
035 ## - SYSTEM CONTROL NUMBER
System control number 811982
037 ## - SOURCE OF ACQUISITION
Source of stock number/acquisition Cen Lib/Ret
040 ## - CATALOGING SOURCE
Original cataloging agency DPL
Language of cataloging EN
082 ## - DEWEY DECIMAL CLASSIFICATION NUMBER
Classification number 304
100 ## - MAIN ENTRY--PERSONAL NAME
Personal name Arrow,Kenneth J.
9 (RLIN) 10666
245 ## - TITLE STATEMENT
Title Social choice and individual values /
Statement of responsibility, etc by Kenneth J.Arrow
250 ## - EDITION STATEMENT
Edition statement 2nd ed
260 ## - PUBLICATION, DISTRIBUTION, ETC. (IMPRINT)
Place of publication, distribution, etc New Delhi
Name of publisher, distributor, etc Tata McGraw-Hill publishing
Date of publication, distribution, etc 1951
270 ## - ADDRESS
Address New Delhi
City New Delhi
Postal code 110020
300 ## - PHYSICAL DESCRIPTION
Extent xi,124p.
Dimensions 19cm(Hb)
500 ## - GENERAL NOTE
General note Includes index
650 ## - SUBJECT ADDED ENTRY--TOPICAL TERM
Topical term or geographic name as entry element Social science
9 (RLIN) 10667
650 ## - SUBJECT ADDED ENTRY--TOPICAL TERM
Topical term or geographic name as entry element Social welfare
9 (RLIN) 10668
942 ## - ADDED ENTRY ELEMENTS (KOHA)
Source of classification or shelving scheme Dewey Decimal Classification
Koha item type English Books
Classification part 304
Call number suffix ARR
Holdings
Withdrawn status Lost status Source of classification or shelving scheme Damaged status Not for loan Home library Current library Date acquired Source of acquisition Cost, normal purchase price Total Checkouts Full call number Barcode Date last seen Copy number Cost, replacement price Price effective from Koha item type Date checked out
    Dewey Decimal Classification     Central Library Central Library 16/06/2015 Cen Lib/Ret 0.00   336.206 ARR A-762501 16/06/2015 1 0.00 16/06/2015 English Books  
          Central Library Central Library 16/06/2015 Cen Lib/Ret 12.00 1 304 ARR 811982 20/10/2019 1 12.00 16/06/2015 English Books 30/09/2019

© Delhi Public Library
Hit Counter
free hit counter